[Event "Izmir Arena IM9"]
[Site "Izmir"]
[Date "2024.12.27"]
[Round "8"]
[White "Yarar, Bora"]
[Black "Erten, Kerem"]
[Result "0-1"]
[WhiteElo "2364"]
[BlackElo "2345"]
[PlyCount "84"]
[EventDate "2024.12.23"]
[EventType "tourn"]
[EventRounds "9"]
[EventCountry "TUR"]
[EventCategory "2"]
[SourceTitle "CB02_2025"]
[SourceDate "2025.01.08"]
[SourceVersion "1"]
[SourceVersionDate "2025.01.08"]
[SourceQuality "1"]

1. c4 Nf6 2. Nc3 c5 3. g3 g6 4. Bg2 Bg7 5. e3 0-0 6. Nge2 Nc6 7. 0-0 d6 8. a3 e5 9. d3 Bg4 10. h3 Be6 11. Qc2 Rc8 12. Nd5 Ne7 13. Nxe7+ Qxe7 14. e4 Nd7 15. Be3 Nb8 16. b4 Nc6 17. b5 Nd4 18. Bxd4 cxd4 19. Qd2 f5 20. exf5 gxf5 21. Rae1 Kh8 22. f4 Qd7 23. a4 Rfe8 24. Kh2 e4 25. dxe4 fxe4 26. Bxe4 Bxh3 27. Bg2 Bxg2 28. Kxg2 Rxc4 29. f5 Be5 30. Qd1 Rg8 31. Rf3 Qc8 32. Qd3 Rxa4 33. f6 Qc4 34. f7 Rf8 35. Qf5 Ra2 36. Qe4 Rxf7 37. Rxf7 Qxf7 38. Rc1 Qg8 39. Kh1 Qe6 40. Qh4 Rxe2 41. Qd8+ Qg8 42. Qd7 Qd5+ 0-1

[Event "Izmir Arena IM9"]
[Site "Izmir"]
[Date "2024.12.25"]
[Round "5"]
[White "Yonal, Timur"]
[Black "Yarar, Bora"]
[Result "1/2-1/2"]
[WhiteElo "2162"]
[BlackElo "2364"]
[PlyCount "38"]
[EventDate "2024.12.23"]
[EventType "tourn"]
[EventRounds "9"]
[EventCountry "TUR"]
[EventCategory "2"]
[SourceTitle "CB02_2025"]
[SourceDate "2025.01.08"]
[SourceVersion "1"]
[SourceVersionDate "2025.01.08"]
[SourceQuality "1"]

1. e4 e6 2. d4 d5 3. Nc3 Bb4 4. e5 c5 5. a3 Ba5 6. b4 cxd4 7. Nb5 Bc7 8. f4 Bd7 9. Nxd4 Ba4 10. Ngf3 Ne7 11. Be3 Nbc6 12. Bd3 Bb6 13. Qd2 Nxd4 14. Nxd4 Qd7 15. Rc1 Rc8 16. Ra1 Ra8 17. Rc1 Rc8 18. Ra1 Ra8 19. Rc1 Rc8 1/2-1/2

[Event "Izmir Arena IM9"]
[Site "Izmir"]
[Date "2024.12.24"]
[Round "3"]
[White "David, Alexandru Vasile"]
[Black "Yarar, Bora"]
[Result "1/2-1/2"]
[WhiteElo "2346"]
[BlackElo "2364"]
[PlyCount "79"]
[EventDate "2024.12.23"]
[EventType "tourn"]
[EventRounds "9"]
[EventCountry "TUR"]
[EventCategory "2"]
[SourceTitle "CB02_2025"]
[SourceDate "2025.01.08"]
[SourceVersion "1"]
[SourceVersionDate "2025.01.08"]
[SourceQuality "1"]

1. Nf3 Nf6 2. g3 b6 3. Bg2 Bb7 4. c4 c5 5. 0-0 g6 6. d4 cxd4 7. Qxd4 Bg7 8. Nc3 d6 9. Rd1 Nbd7 10. Be3 Nc5 11. Qh4 h6 12. Nd4 Bxg2 13. Kxg2 Qd7 14. f3 Qb7 15. Kg1 Rc8 16. Qh3 Ncd7 17. b3 a6 18. Rac1 e5 19. Nc2 b5 20. Rxd6 bxc4 21. b4 Rc6 22. Rd2 h5 23. Rcd1 Re6 24. Bg5 0-0 25. e4 Nb8 26. Be3 Nc6 27. a3 Rc8 28. Na4 Ree8 29. Nc5 Qa8 30. Qf1 a5 31. Qxc4 Bf8 32. Nd7 Nxd7 33. Rxd7 Re6 34. Qb3 axb4 35. axb4 Qb8 36. Qa4 Nxb4 37. Ba7 Qa8 38. Nxb4 Rc4 39. Qa5 Bxb4 40. Rd8+ 1/2-1/2

[Event "Izmir Arena IM9"]
[Site "Izmir"]
[Date "2024.12.24"]
[Round "2"]
[White "Yarar, Bora"]
[Black "Hojjatinejad, Ilia"]
[Result "1-0"]
[WhiteElo "2364"]
[BlackElo "2163"]
[PlyCount "95"]
[EventDate "2024.12.23"]
[EventType "tourn"]
[EventRounds "9"]
[EventCountry "TUR"]
[EventCategory "2"]
[SourceTitle "CB02_2025"]
[SourceDate "2025.01.08"]
[SourceVersion "1"]
[SourceVersionDate "2025.01.08"]
[SourceQuality "1"]

1. d4 Nf6 2. Bf4 b6 3. e3 Bb7 4. h3 g6 5. Nf3 Bg7 6. Nbd2 0-0 7. c3 d6 8. a4 a6 9. Bc4 Nbd7 10. 0-0 Re8 11. Qb3 d5 12. Be2 Nh5 13. Bh2 e5 14. Rfd1 e4 15. Ne1 Nhf6 16. c4 c5 17. Nc2 cxd4 18. exd4 Nb8 19. a5 Re6 20. Ne3 Nc6 21. Nb1 Ne7 22. Nc3 Ra7 23. cxd5 Bxd5 24. Ncxd5 Nfxd5 25. Bc4 Rd7 26. axb6 Rxb6 27. Qc2 Nxe3 28. fxe3 Nf5 29. Qf2 Bh6 30. Re1 Qh4 31. Qxh4 Nxh4 32. b3 Nf5 33. Kf2 Rdb7 34. g4 Nh4 35. Bg3 Rf6+ 36. Ke2 Ng2 37. Reb1 Rf3 38. Be5 Bxe3 39. Rf1 Rxf1 40. Kxf1 Nf4 41. Rxa6 Ne6 42. Ra8+ Nf8 43. Bd6 Bh6 44. g5 Bg7 45. Bc5 h6 46. h4 hxg5 47. hxg5 Rd7 48. Ke2 1-0

[Event "Izmir Arena IM8"]
[Site "Izmir"]
[Date "2024.12.21"]
[Round "8"]
[White "Sevig, Mert Can"]
[Black "Yarar, Bora"]
[Result "0-1"]
[WhiteElo "1805"]
[BlackElo "2364"]
[PlyCount "38"]
[EventDate "2024.12.18"]
[EventType "tourn"]
[EventRounds "9"]
[EventCountry "TUR"]
[EventCategory "1"]
[SourceTitle "CB52_2024"]
[SourceDate "2024.12.25"]
[SourceVersion "1"]
[SourceVersionDate "2024.12.25"]
[SourceQuality "1"]

1. e4 e6 2. d4 d5 3. Nd2 Nf6 4. e5 Nfd7 5. f4 c5 6. c3 Nc6 7. Ndf3 Qb6 8. g3 Be7 9. Kf2 a5 10. a4 Ndb8 11. Bd3 cxd4 12. cxd4 Nxd4 13. Be3 Qxb2+ 14. Kf1 Nf5 15. Bf2 Bd8 16. Rc1 Bd7 17. g4 Nh6 18. Ne2 Nxg4 19. Bd4 Qxd4 0-1

[Event "Izmir Arena IM8"]
[Site "Izmir"]
[Date "2024.12.21"]
[Round "7"]
[White "Yarar, Bora"]
[Black "Yildiz, Elif Zeren"]
[Result "1-0"]
[WhiteElo "2364"]
[BlackElo "2159"]
[PlyCount "121"]
[EventDate "2024.12.18"]
[EventType "tourn"]
[EventRounds "9"]
[EventCountry "TUR"]
[EventCategory "1"]
[SourceTitle "CB52_2024"]
[SourceDate "2024.12.25"]
[SourceVersion "1"]
[SourceVersionDate "2024.12.25"]
[SourceQuality "1"]

1. c4 e5 2. Nc3 Bb4 3. Qc2 Nf6 4. a3 Bxc3 5. Qxc3 Nc6 6. e3 0-0 7. Nf3 d6 8. b4 Bg4 9. Bb2 Ne4 10. Qc2 f5 11. Be2 Ng5 12. Nxg5 Qxg5 13. f3 Bh5 14. g3 e4 15. f4 Qh6 16. g4 Bxg4 17. Bxg4 Qh4+ 18. Kd1 Qxg4+ 19. Kc1 Kf7 20. Qc3 Ke7 21. Kc2 g6 22. h4 Qe2 23. h5 Qd3+ 24. Qxd3 exd3+ 25. Kxd3 Kd7 26. hxg6 hxg6 27. Rh7+ Ne7 28. c5 Ke6 29. Rc1 Rac8 30. a4 Rf7 31. Rh6 Kd7 32. cxd6 cxd6 33. Rxc8 Kxc8 34. Rh8+ Kc7 35. b5 b6 36. Ba3 Kd7 37. Kd4 Kc7 38. Bb4 Kd7 39. d3 Rg7 40. Ra8 Nc8 41. Bxd6 Kxd6 42. Rxc8 g5 43. fxg5 Rxg5 44. Rc6+ Kd7 45. Rh6 Rg4+ 46. e4 fxe4 47. Rh7+ Kd6 48. dxe4 Rg1 49. e5+ Ke6 50. Rh6+ Kd7 51. Rd6+ Ke7 52. Kd5 Ra1 53. Rh6 Rxa4 54. Rh7+ Kf8 55. Ke6 a6 56. bxa6 Rxa6 57. Kf6 b5+ 58. e6 Kg8 59. Rb7 Ra8 60. Rxb5 Kh7 61. Kf7 1-0

[Event "Izmir Arena IM8"]
[Site "Izmir"]
[Date "2024.12.20"]
[Round "6"]
[White "David, Alexandru Vasile"]
[Black "Yarar, Bora"]
[Result "1-0"]
[WhiteElo "2346"]
[BlackElo "2364"]
[PlyCount "51"]
[EventDate "2024.12.18"]
[EventType "tourn"]
[EventRounds "9"]
[EventCountry "TUR"]
[EventCategory "1"]
[SourceTitle "CB52_2024"]
[SourceDate "2024.12.25"]
[SourceVersion "1"]
[SourceVersionDate "2024.12.25"]
[SourceQuality "1"]

1. d4 d5 2. c4 c6 3. Nf3 Nf6 4. Nc3 e6 5. Qc2 Nbd7 6. e4 dxe4 7. Nxe4 Nxe4 8. Qxe4 Bb4+ 9. Bd2 Bxd2+ 10. Nxd2 c5 11. 0-0-0 Nf6 12. Qe5 Qxd4 13. Qc7 0-0 14. Nf3 Qxf2 15. Re1 Nd5 16. cxd5 c4 17. Bxc4 Qxg2 18. Qf4 exd5 19. Rhg1 Qf2 20. Re2 Qb6 21. Bxd5 Bd7 22. Kb1 Bb5 23. Reg2 Bd3+ 24. Ka1 Bg6 25. Ne5 Kh8 26. Bxf7 1-0

[Event "Izmir Arena IM8"]
[Site "Izmir"]
[Date "2024.12.19"]
[Round "4"]
[White "Ghimpu, Samuel Timotei"]
[Black "Yarar, Bora"]
[Result "1-0"]
[WhiteElo "2475"]
[BlackElo "2364"]
[PlyCount "75"]
[EventDate "2024.12.18"]
[EventType "tourn"]
[EventRounds "9"]
[EventCountry "TUR"]
[EventCategory "1"]
[SourceTitle "CB52_2024"]
[SourceDate "2024.12.25"]
[SourceVersion "1"]
[SourceVersionDate "2024.12.25"]
[SourceQuality "1"]

1. d4 d5 2. Nf3 Nf6 3. Bf4 c5 4. e3 cxd4 5. exd4 Nc6 6. c3 g6 7. h3 a6 8. Nbd2 Bf5 9. a4 Bg7 10. Be2 0-0 11. 0-0 Re8 12. Re1 Rc8 13. g4 Bd7 14. Bd3 h5 15. g5 Nh7 16. Kh2 e5 17. dxe5 Qb6 18. Re2 Qxb2 19. Ne4 Qb6 20. Nf6+ Bxf6 21. gxf6 Nd8 22. Qg1 Kh8 23. Ng5 Nf8 24. Rb1 Qc7 25. Rc1 Bxa4 26. Qg3 Qd7 27. Rd2 Bc6 28. Be3 Nde6 29. f4 Nxg5 30. Qxg5 Nh7 31. Qh6 Rg8 32. Bd4 Bb5 33. Re1 Qe6 34. Bb1 Bd7 35. f5 gxf5 36. Rg1 Rxg1 37. Kxg1 Rg8+ 38. Rg2 1-0

[Event "Izmir Arena IM8"]
[Site "Izmir"]
[Date "2024.12.18"]
[Round "1"]
[White "Yonal, Timur"]
[Black "Yarar, Bora"]
[Result "1/2-1/2"]
[WhiteElo "2162"]
[BlackElo "2364"]
[PlyCount "114"]
[EventDate "2024.12.18"]
[EventType "tourn"]
[EventRounds "9"]
[EventCountry "TUR"]
[EventCategory "1"]
[SourceTitle "CB52_2024"]
[SourceDate "2024.12.25"]
[SourceVersion "1"]
[SourceVersionDate "2024.12.25"]
[SourceQuality "1"]

1. e4 e6 2. d4 d5 3. Nc3 Nf6 4. Bg5 dxe4 5. Nxe4 Be7 6. Bxf6 gxf6 7. Nf3 b6 8. Bd3 Bb7 9. Qe2 c6 10. Ng3 h5 11. h4 Qc7 12. Nd2 Qf4 13. c3 Qg4 14. Be4 Qxe2+ 15. Kxe2 Nd7 16. Bf3 f5 17. Nxh5 0-0-0 18. g3 Ba6+ 19. Ke1 c5 20. Nf4 cxd4 21. Be2 Bb7 22. Bf3 dxc3 23. bxc3 Nc5 24. Bxb7+ Kxb7 25. Ke2 Bf6 26. Rac1 Rd7 27. Rhd1 Rhd8 28. Nb1 Rxd1 29. Rxd1 Rxd1 30. Kxd1 Ne4 31. Nh3 Kc6 32. Kc2 Kc5 33. Kd3 b5 34. Kc2 a6 35. Kd3 Bg7 36. Kc2 Bh6 37. Kd3 Kd5 38. Na3 Bg7 39. Nb1 Bh6 40. Na3 Nc5+ 41. Ke2 Nd7 42. f3 Nf6 43. Nf2 Nh5 44. g4 Ng3+ 45. Kd3 fxg4 46. Nxg4 Bc1 47. Nc2 f5 48. Nge3+ Ke5 49. Ng2 Kd6 50. c4 e5 51. cxb5 axb5 52. Nge3 Kc5 53. Kc3 Ne2+ 54. Kd3 Ng3 55. Kc3 e4 56. fxe4 fxe4 57. Ng4 Ne2+ 1/2-1/2

[Event "EU-ch 24th"]
[Site "Petrovac"]
[Date "2024.11.13"]
[Round "6"]
[White "Yarar, Bora"]
[Black "Kucuksari, Kaan"]
[Result "0-1"]
[WhiteElo "2361"]
[BlackElo "2473"]
[PlyCount "100"]
[EventDate "2024.11.08"]
[EventType "swiss"]
[EventRounds "11"]
[EventCountry "MNE"]
[SourceTitle "CB47_2024"]
[SourceDate "2024.11.20"]
[SourceVersion "1"]
[SourceVersionDate "2024.11.20"]
[SourceQuality "1"]

1. e4 c5 2. Nc3 Nc6 3. Bb5 Nd4 4. Nf3 Nxb5 5. Nxb5 a6 6. Nc3 d6 7. d4 cxd4 8. Qxd4 e5 9. Qb4 Ne7 10. Qb3 Qc7 11. Ng5 d5 12. exd5 Nf5 13. Be3 Nxe3 14. fxe3 h6 15. Nf3 Be7 16. 0-0 0-0 17. a4 Bf5 18. Nd2 Bg6 19. Nde4 Rac8 20. Ng3 Bc5 21. Rae1 Qb6 22. Qxb6 Bxb6 23. Nf5 Bxf5 24. Rxf5 Ba5 25. Rb1 f6 26. Rf2 Rfd8 27. Rd2 Rd7 28. Rd3 Rc4 29. Ra1 Bxc3 30. bxc3 e4 31. Rd4 Rxc3 32. Rad1 Rxe3 33. Rc4 f5 34. Kf2 Ra3 35. g4 g6 36. gxf5 gxf5 37. Rb1 Rf3+ 38. Kg2 Rg7+ 39. Kh1 Rf2 40. Rc8+ Kh7 41. Rg1 e3 42. d6 Rxg1+ 43. Kxg1 Rd2 44. Re8 f4 45. Re7+ Kg6 46. d7 Kf6 47. Re4 Kf5 48. Re7 Kg4 49. Kf1 Kf3 50. Ke1 Rxh2 0-1

[Event "EU-ch 24th"]
[Site "Petrovac"]
[Date "2024.11.11"]
[Round "4"]
[White "Yarar, Bora"]
[Black "Stefansson, Hannes"]
[Result "1-0"]
[WhiteElo "2361"]
[BlackElo "2485"]
[PlyCount "87"]
[EventDate "2024.11.08"]
[EventType "swiss"]
[EventRounds "11"]
[EventCountry "MNE"]
[SourceTitle "CB47_2024"]
[SourceDate "2024.11.20"]
[SourceVersion "1"]
[SourceVersionDate "2024.11.20"]
[SourceQuality "1"]

1. e4 e5 2. Nf3 Nc6 3. d4 exd4 4. Bc4 Nf6 5. e5 d5 6. Bb5 Nd7 7. 0-0 Be7 8. Bxc6 bxc6 9. Nxd4 Nb8 10. Nc3 c5 11. Ndb5 c6 12. Nd6+ Bxd6 13. exd6 0-0 14. Bf4 Be6 15. Re1 Nd7 16. Qd2 Re8 17. Na4 Qf6 18. Bg5 Qg6 19. Be7 d4 20. f3 Bd5 21. Kh1 a5 22. b3 Qf5 23. c4 Be6 24. Re4 h5 25. Rae1 Reb8 26. h4 Rb4 27. Qd1 Rxa4 28. bxa4 Bxc4 29. Qd2 Bd5 30. Rf4 Qg6 31. Kh2 Be6 32. Rc1 Rb8 33. a3 Rb3 34. Re4 Rxa3 35. Qxa5 Ra2 36. Qd8+ Kh7 37. Bg5 Bf5 38. Re8 Qxd6+ 39. Kh1 Kg6 40. Rh8 Bh3 41. Rh6+ gxh6 42. Qg8+ Kf5 43. Qxf7+ Nf6 44. Rxc5+ 1-0

[Event "Abu Dhabi op-A 30th"]
[Site "Abu Dhabi"]
[Date "2024.08.15"]
[Round "1"]
[White "Lodici, Lorenzo"]
[Black "Yarar, Bora"]
[Result "1-0"]
[WhiteElo "2562"]
[BlackElo "2365"]
[PlyCount "131"]
[EventDate "2024.08.15"]
[EventType "swiss"]
[EventRounds "9"]
[EventCountry "UAE"]
[SourceTitle "EXT 2025"]
[Source "ChessBase"]
[SourceDate "2024.10.14"]
[SourceVersion "1"]
[SourceVersionDate "2024.10.14"]
[SourceQuality "1"]

1. Nf3 d5 2. g3 Nf6 3. Bg2 g6 4. b3 Bg7 5. Bb2 0-0 6. c4 c6 7. 0-0 Nbd7 8. d4 Ne4 9. Nfd2 Ndf6 10. f3 Nd6 11. Re1 Nf5 12. e3 h5 13. Na3 Nd7 14. Bh3 Nc5 15. Qc2 Na6 16. Bf1 Nb4 17. Qc1 Re8 18. Bc3 a5 19. Qb2 Qc7 20. f4 Nd6 21. c5 Nf5 22. Nc2 Nxc2 23. Qxc2 Nh6 24. h3 Bf5 25. Qc1 b6 26. cxb6 Qxb6 27. Bb2 Bd7 28. Ba3 Nf5 29. Bc5 Qc7 30. Kg2 Nd6 31. Kh2 Bf5 32. Bg2 Reb8 33. a4 Qd7 34. Ra2 Rc8 35. b4 axb4 36. Bxb4 Bd3 37. Qc3 Ba6 38. Nb3 Bc4 39. Nc5 Qc7 40. Ra3 Rcb8 41. Qd2 Nf5 42. Bc3 Rd8 43. a5 Bh6 44. h4 Nd6 45. a6 Qc8 46. Bh3 e6 47. Rea1 Bf8 48. Ra4 Bb5 49. R4a2 Nc4 50. Qe1 Ra7 51. g4 hxg4 52. Bxg4 Bd6 53. Kg1 f5 54. Bf3 Kf7 55. h5 Rg8 56. Rg2 gxh5 57. Bxh5+ Kf8 58. Rxg8+ Kxg8 59. Kf2 Qd8 60. Qh1 Qf6 61. Rg1+ Kf8 62. Rg6 Qh8 63. Nxe6+ Ke7 64. Qh4+ Kd7 65. Rg7+ Kxe6 66. Rxa7 1-0

[Event "Titled Tuesday intern op 02nd Jan Late"]
[Site "Chess.com INT"]
[Date "2024.01.02"]
[Round "6"]
[White "Gubajdullin, Alexey"]
[Black "Yarar, Bora"]
[Result "0-1"]
[WhiteElo "2253"]
[BlackElo "2373"]
[PlyCount "72"]
[EventDate "2024.01.02"]
[EventType "swiss (blitz)"]
[EventRounds "11"]
[EventCountry "USA"]
[SourceTitle "EXT 2025"]
[Source "ChessBase"]
[SourceDate "2024.10.14"]
[SourceVersion "1"]
[SourceVersionDate "2024.10.14"]
[SourceQuality "1"]

1. d4 d5 2. Nf3 Nf6 3. Bf4 c5 4. e3 cxd4 5. exd4 Nc6 6. Nbd2 g6 7. c3 Bg7 8. Be2 0-0 9. 0-0 Nh5 10. Bg5 f6 11. Be3 e5 12. c4 e4 13. Ne1 f5 14. cxd5 Nxd4 15. Bxh5 gxh5 16. Nc4 Qxd5 17. Rc1 Be6 18. Qxh5 Rac8 19. b3 b5 20. Bxd4 Qxd4 21. Rd1 Qf6 22. Nd6 Rcd8 23. Nxb5 Rxd1 24. Qxd1 f4 25. Qc2 Qg6 26. Nd6 Bd5 27. Qc5 Ba8 28. f3 e3 29. Ne4 Kh8 30. Nd3 Bxe4 31. fxe4 e2 32. Re1 f3 33. g3 Qxe4 34. Nf2 Qd4 35. Qc7 Qxf2+ 36. Kxf2 Bd4# 0-1

[Event "Titled Tuesday intern op 02nd Jan Late"]
[Site "Chess.com INT"]
[Date "2024.01.02"]
[Round "4"]
[White "Osmak, Iulija"]
[Black "Yarar, Bora"]
[Result "0-1"]
[WhiteElo "2450"]
[BlackElo "2373"]
[PlyCount "68"]
[EventDate "2024.01.02"]
[EventType "swiss (blitz)"]
[EventRounds "11"]
[EventCountry "USA"]
[SourceTitle "EXT 2025"]
[Source "ChessBase"]
[SourceDate "2024.10.14"]
[SourceVersion "1"]
[SourceVersionDate "2024.10.14"]
[SourceQuality "1"]

1. e4 e6 2. d4 d5 3. exd5 exd5 4. Nf3 Nc6 5. Bd3 Bg4 6. c3 Bd6 7. 0-0 Nge7 8. Re1 Qd7 9. Nbd2 0-0-0 10. b4 Ng6 11. b5 Nce7 12. Qa4 Kb8 13. Ne5 Bxe5 14. dxe5 f6 15. exf6 gxf6 16. Nb3 Ne5 17. Nc5 Qd6 18. Be3 Nc8 19. Bf1 Rhg8 20. Kh1 Nb6 21. Qf4 Bc8 22. Bd4 Rde8 23. a4 Rg4 24. Qh6 Rg6 25. Qxh7 Rgg8 26. a5 Rh8 27. Bxe5 fxe5 28. Qc2 e4 29. g3 Qxc5 30. axb6 Qxb6 31. Ra4 Ref8 32. Kg1 Rxh2 33. Re3 Qxe3 34. fxe3 Rxc2 0-1

[Event "Titled Tuesday intern op 02nd Jan Late"]
[Site "Chess.com INT"]
[Date "2024.01.02"]
[Round "7"]
[White "Yagupov, Igor"]
[Black "Yarar, Bora"]
[Result "0-1"]
[WhiteElo "2290"]
[BlackElo "2373"]
[PlyCount "94"]
[EventDate "2024.01.02"]
[EventType "swiss (blitz)"]
[EventRounds "11"]
[EventCountry "USA"]
[SourceTitle "EXT 2025"]
[Source "ChessBase"]
[SourceDate "2024.10.14"]
[SourceVersion "1"]
[SourceVersionDate "2024.10.14"]
[SourceQuality "1"]

1. e4 e6 2. d4 d5 3. Nc3 Nf6 4. e5 Nfd7 5. f4 c5 6. Nf3 Nc6 7. Be3 Qb6 8. Na4 Qa5+ 9. c3 b6 10. Bd2 c4 11. b4 Nxb4 12. cxb4 Bxb4 13. Rc1 Bxd2+ 14. Nxd2 b5 15. Nc3 0-0 16. a4 b4 17. Nb5 c3 18. Nb3 Qd8 19. a5 f6 20. Bd3 fxe5 21. fxe5 Qg5 22. Rc2 Ba6 23. Re2 Bxb5 24. Bxb5 Rad8 25. Rf1 Rxf1+ 26. Kxf1 Nf8 27. Rf2 Ng6 28. Qf3 Rf8 29. Qg3 Rxf2+ 30. Kxf2 Qf5+ 31. Qf3 Qc2+ 32. Kg3 Ne7 33. Bd7 Qf5 34. Qxf5 Nxf5+ 35. Kf3 Kf7 36. g4 Nh4+ 37. Kg3 Ng6 38. Ba4 Ke7 39. Nc5 Nf8 40. Nd3 g5 41. Nxb4 Ng6 42. Nd3 h6 43. Bc2 Kd8 44. Kf3 Kc7 45. Ke3 Kc6 46. Ba4+ Kb7 47. Bb5 c2 0-1

[Event "Titled Tuesday intern op 02nd Jan Late"]
[Site "Chess.com INT"]
[Date "2024.01.02"]
[Round "10"]
[White "Yarar, Bora"]
[Black "Golubev, Mikhail"]
[Result "1-0"]
[WhiteElo "2373"]
[BlackElo "2461"]
[PlyCount "81"]
[EventDate "2024.01.02"]
[EventType "swiss (blitz)"]
[EventRounds "11"]
[EventCountry "USA"]
[SourceTitle "EXT 2025"]
[Source "ChessBase"]
[SourceDate "2024.10.14"]
[SourceVersion "1"]
[SourceVersionDate "2024.10.14"]
[SourceQuality "1"]

1. e4 c5 2. c3 Nf6 3. e5 Nd5 4. Nf3 Nc6 5. d4 cxd4 6. cxd4 d6 7. Bc4 Nb6 8. Bb3 d5 9. Nh4 g6 10. Nc3 Bg7 11. 0-0 0-0 12. f4 f6 13. Be3 fxe5 14. fxe5 Be6 15. Rxf8+ Qxf8 16. Qe2 Bh6 17. Rf1 Qg7 18. Nf3 Rf8 19. h3 Bf4 20. Bxf4 Rxf4 21. Qe3 Qf8 22. Ne2 Re4 23. Qxe4 dxe4 24. Bxe6+ Kg7 25. Ng5 Qh8 26. Rf7+ Kh6 27. Rxh7+ Qxh7 28. Nxh7 Kxh7 29. Kf2 Nb4 30. Ke3 Nd3 31. b3 Nb4 32. Nc3 Kh6 33. Kxe4 Kg5 34. g3 a5 35. h4+ Kh6 36. d5 Kg7 37. g4 Na6 38. Kd4 Nc7 39. Kc5 Nxe6+ 40. dxe6 Nc8 41. Nd5 1-0

[Event "Titled Tuesday intern op 18th Apr Late"]
[Site "Chess.com INT"]
[Date "2023.04.18"]
[Round "5"]
[White "Yarar, Bora"]
[Black "Florianovitz, Derlei Alex"]
[Result "1-0"]
[WhiteElo "2373"]
[BlackElo "2079"]
[PlyCount "51"]
[EventDate "2023.04.18"]
[EventType "swiss (blitz)"]
[EventRounds "11"]
[EventCountry "USA"]
[SourceTitle "EXT 2024"]
[Source "ChessBase"]
[SourceDate "2023.10.10"]
[SourceVersion "1"]
[SourceVersionDate "2023.10.10"]
[SourceQuality "1"]

1. e4 e6 2. d4 d5 3. e5 c5 4. c3 Nc6 5. Nf3 Qb6 6. Na3 cxd4 7. cxd4 Bxa3 8. bxa3 Nge7 9. Bd3 Nf5 10. Rb1 Qa5+ 11. Bd2 Qxa3 12. Qe2 Bd7 13. 0-0 b6 14. Rfc1 0-0 15. g4 Nfxd4 16. Nxd4 Nxd4 17. Qe3 Qxa2 18. Qxd4 Rac8 19. Bb4 Rxc1+ 20. Rxc1 Rc8 21. Rxc8+ Bxc8 22. Qc3 Ba6 23. Qc7 g6 24. Qd8+ Kg7 25. Bf8+ Kg8 26. Bh6# 1-0

[Event "TUR-chT"]
[Site "Ankara"]
[Date "2022.08.22"]
[Round "7.2"]
[White "Yarar, Bora"]
[Black "Kerigan, Demre"]
[Result "1-0"]
[WhiteElo "2395"]
[BlackElo "2361"]
[PlyCount "85"]
[EventDate "2022.08.16"]
[EventType "team-tourn"]
[EventRounds "13"]
[EventCountry "TUR"]
[SourceTitle "CBM 209 Extra"]
[Source "ChessBase"]
[SourceDate "2022.09.30"]
[SourceVersion "1"]
[SourceVersionDate "2022.09.30"]
[SourceQuality "1"]
[WhiteTeam "Rota Koleji Dernegi"]
[BlackTeam "Tarsus Zeka"]
[WhiteTeamCountry "TUR"]
[BlackTeamCountry "TUR"]

1. e4 d6 2. d4 Nf6 3. Nc3 g6 4. f4 Bg7 5. Nf3 0-0 6. e5 dxe5 7. fxe5 Nd5 8. Bc4 Nxc3 9. bxc3 c5 10. 0-0 Nc6 11. Ng5 e6 12. Ne4 cxd4 13. Bg5 Qc7 14. cxd4 Nxe5 15. dxe5 Bxe5 16. Bb3 Bxh2+ 17. Kh1 f5 18. Nf6+ Kg7 19. Nh5+ gxh5 20. Qxh5 Bd6 21. Bh6+ Kh8 22. Bxf8 Bxf8 23. Rad1 Qe7 24. Rde1 e5 25. Re3 Bd7 26. Rd3 e4 27. Rc3 a5 28. Rg3 Bg7 29. Bd5 Ra6 30. c4 Qf8 31. Qg5 Rh6+ 32. Rh3 Rxh3+ 33. gxh3 Bh6 34. Qh5 e3 35. Bxb7 Be6 36. Bd5 Bxd5+ 37. cxd5 f4 38. Qe5+ Kg8 39. d6 f3 40. Qd5+ Kg7 41. Rg1+ Kf6 42. d7 Qd8 43. Rg8 1-0

[Event "TUR-chT"]
[Site "Ankara"]
[Date "2022.08.21"]
[Round "6.4"]
[White "Yilmaz, Mustafa"]
[Black "Yarar, Bora"]
[Result "1-0"]
[WhiteElo "2634"]
[BlackElo "2395"]
[PlyCount "97"]
[EventDate "2022.08.16"]
[EventType "team-tourn"]
[EventRounds "13"]
[EventCountry "TUR"]
[SourceTitle "CBM 209 Extra"]
[Source "ChessBase"]
[SourceDate "2022.09.30"]
[SourceVersion "1"]
[SourceVersionDate "2022.09.30"]
[SourceQuality "1"]
[WhiteTeam "Gokturk"]
[BlackTeam "Rota Koleji Dernegi"]
[WhiteTeamCountry "TUR"]
[BlackTeamCountry "TUR"]

1. d4 d5 2. c4 dxc4 3. e4 b5 4. a4 c6 5. Nc3 b4 6. Na2 Nf6 7. e5 Nd5 8. Bxc4 e6 9. Nf3 Be7 10. Bd2 a5 11. Nc1 Ba6 12. Bxa6 Nxa6 13. Nb3 0-0 14. Rc1 Rc8 15. Qe2 Qb6 16. Bg5 Rfd8 17. 0-0 h6 18. Bxe7 Nxe7 19. Nfd2 Nf5 20. Nc4 Qa7 21. Rfd1 Nb8 22. Qe4 h5 23. h3 Rd5 24. g4 hxg4 25. hxg4 Nh4 26. Ne3 Rd7 27. f4 Rcd8 28. Kf2 Na6 29. Kg3 Ng6 30. Rxc6 Qa8 31. Qh1 Nc7 32. Rc5 Qa6 33. Qf1 Qa8 34. Rxa5 Qc6 35. Qf3 Qb6 36. Rc5 Nd5 37. Nxd5 Rxd5 38. Rdc1 Rxc5 39. Rxc5 Qa7 40. a5 Qe7 41. g5 Rxd4 42. a6 Rd8 43. Qb7 Qe8 44. a7 Qa4 45. Nd4 Qd1 46. Nf3 Rd3 47. a8Q+ Kh7 48. Rc2 Qe1+ 49. Kh2 1-0

[Event "Ankara TBMM Cup Gp2"]
[Site "Ankara"]
[Date "2022.03.17"]
[Round "2.1"]
[White "Gurel, Ediz"]
[Black "Yarar, Bora"]
[Result "1/2-1/2"]
[WhiteElo "2403"]
[BlackElo "2396"]
[PlyCount "76"]
[EventDate "2022.03.17"]
[EventType "tourn"]
[EventRounds "5"]
[EventCountry "TUR"]
[EventCategory "5"]
[SourceTitle "CBM 207 Extra"]
[Source "ChessBase"]
[SourceDate "2022.05.31"]
[SourceVersion "1"]
[SourceVersionDate "2022.05.31"]
[SourceQuality "1"]

1. e4 e6 2. d4 d5 3. Nd2 c5 4. Ngf3 Nc6 5. exd5 exd5 6. Bb5 Bd6 7. 0-0 Nge7 8. dxc5 Bxc5 9. Nb3 Bb6 10. c3 0-0 11. Bf4 Bg4 12. h3 Bh5 13. Be2 Re8 14. Qd2 Ng6 15. Bg3 a5 16. Rad1 a4 17. Nbd4 Qf6 18. Nb5 Rad8 19. Rfe1 Re4 20. Nfd4 Bxe2 21. Rxe2 Bxd4 22. Nxd4 Nxd4 23. cxd4 Rde8 24. Rxe4 Rxe4 25. Re1 Rxe1+ 26. Qxe1 Qc6 27. Qa5 b6 28. Qa7 h5 29. Qb8+ Kh7 30. Qc7 Qxc7 31. Bxc7 b5 32. Bd6 Nh4 33. Kf1 Kg6 34. Bc5 Kf5 35. f3 Ng6 36. g4+ Ke6 37. Bb4 Nf4 38. Bd2 Ng6 1/2-1/2